000 00787nam a22002897a 4500
003 CCE-Cañar
005 20260406114341.0
007 ta
008 260406s1980 sp |||gr|||| 000 fdspa d
020 _a84-02-06708-5
040 _aCCE-Cañar
_cEC-QuCCB
041 1 _aspa
082 _a823
_bG7991
100 1 _928335
_aGreene, Graham,
_d1904-1991‏
245 1 3 _aEl americano impasible
_cGraham Greene ; traducción J. R. Wilcock
250 _aPrimera edición
260 _aBarcelona, España :
_bEditorial Bruguera,
_c1980
300 _a247 páginas ;
_c18 cm
336 _atexto
_btxt
337 _ano mediado
_bn
338 _avolumen
_bnc
490 _aClub Bruguera ;
_vnúmero 4
590 _ajtcq
590 _ajcc
650 4 _aNovela inglesa
942 _cBK
_2ddc
999 _c83807
_d83807